Дело о народных училищах

Доступно только в Электронных читальных залах Найти на картеНа карте
RUSMARC
00004076nmc2a22000003x 450
001840bd349-a11e-400f-88be-76691fe5b966
00520180712111827.0
100##$a20160413l18741875k l0rusy0189 ca
1010#$arus
102##$aRU
2001#$aДело о народных училищах
$j1874-1875 гг.
$eЦиркуляры и представления Министерства об учреждении Главного попечительского совета и должности инспектора; программа учебного курса: записки, мнения, статьи А.С. Воронова и других лиц, в том числе Погорельского: о содержании народных училищ в 1874 году, учителей - в Пруссии; о городских училищах Москвы, устройстве народной школы при Петербургском педагогическом совете; об обучении закону божьему
251##$cДело
300##$aАвтограф, копии рукописные, печатные с пометами
801#0$aRU
$bРГИА
$c20160413
$gRCR
801#1$aRU
$bГлавНИВЦ
$c20160413
$2rusmarc
801#2$aRU
$bПБ им. Б.Н. Ельцина
$c20180712
$gRCR
$2rusmarc
850##$aРГИА
852##$aРГИА
$eФедеральное казенное учреждение "Российский государственный исторический архив" (РГИА)
$j18
937##$hРГИА
$d12201706
$aASBIBLIO_SCAN
462#0$1001d00eb924-b8c4-46ea-b08b-551519b642a2
$12001
$aЛичные документы А.С. Воронова и материалы по вопросам народного образования в России
$1251
$cОпись
$1852
$j1
461#0$1001f6df60a8-a3d6-445b-9e6a-669b0dd5e9bc
$12001
$aВоронов Андрей Степанович (1818-1875)
$1251
$cФонд
$1852
$j845
215##$a74 л.
$d36,5х26 см
371##$aДокумент не является опубликованным и широко распространяемым
105##$ay###
1222#$ad
035##$a840bd349-a11e-400f-88be-76691fe5b966
856##$uhttp://readingroom.main.prlib.ru/item.aspx?id_node=n117222641&mode=full
Формат отображения